000 00507nam a2200181 a 4500
005 20140311163041.0
008 120627s19uu xx 00 eng d
020 _a9780273745570
050 _aHF 5363
_b.M33 2011
100 _aMacBride, P.K.
245 _aSage accounting :
_bin simple steps /
_cP.K. MacBride.
260 _aGreat Britain :
_bPearson Education,
_c2011.
300 _a221 p. :
_bill. col. ;
_c25 cm.
521 _aBSA
650 _aAccounting
942 _cBK
_2lcc
_kFOR
999 _c39757
_d39757